| 000 | 00831nas a2200289 4500 | ||
|---|---|---|---|
| 001 | BR0003340 | ||
| 003 | BR-BrBNA | ||
| 005 | 20231205101933.0 | ||
| 007 | ta | ||
| 008 | 230509b bl.|||p| |||| 00| 00por d | ||
| 040 |
_aBR-BrBNA _bpor _cBiblioteca Nacional de Agricultura |
||
| 041 | _a(Pt) | ||
| 072 | _aF03 | ||
| 100 | 1 | _aMacedo, E.C. | |
| 100 | 1 | _aGroth, D. | |
| 100 | 1 | _aSoave, J. | |
| 245 | 1 | _aInfluencia da embalagem do armazenamento na qualidade fisiologica de sementes de algodao | |
| 650 | _aAlgodao | ||
| 650 | _aSemente | ||
| 650 | _aArmazenamento | ||
| 650 | _aEmbalagem | ||
| 650 | _aQualidade | ||
| 650 | _aSao Paulo | ||
| 773 | 0 |
_tRevista Brasileira de Sementes (Brazil) _xISSN 0101-3122 _g(1998), v. 20(2) p. 454-461 _wBR0003340 |
|
| 909 |
_a202311 _bLúcia _c55 _dLúcia Elande |
||
| 942 |
_2AGRIS _n0 _cANA |
||
| 999 |
_c164818 _d164818 |
||